| 000 | 01690nam0a2200421 4500 | ||
|---|---|---|---|
| 001 | RU\NLR\bibl\337715 | ||
| 005 | 20250621150507.0 | ||
| 010 |
_a5-93378-045-6 _bВ пер. _93000 |
||
| 020 |
_aRU _b02-6859368593 _9Книжная летопись |
||
| 021 |
_aRU _b2002-39405 _91922 |
||
| 035 | _a(NLR Aleph) 000332629 | ||
| 090 |
_a166593 _c166593 |
||
| 100 | _a20021104d2002 |||y0rusy50 ca | ||
| 101 | 0 | _arus | |
| 102 | _aRU | ||
| 105 | _ay ||||||||| | ||
| 200 | 1 |
_aПонтий Пилат: психоанализ не того убийства _eКатарсис-3 _fАлексей Меняйлов |
|
| 210 |
_aМ. _cКудиц-образ _d2002 |
||
| 215 |
_a637 с. _d22 |
||
| 327 | 1 | _aСодерж.: Понтий Пилат: Роман; Страсти по "Пилату": Авт. коммент. к роману "Понтий Пилат" | |
| 600 | 0 |
_aПонтий Пилат _f1 в. _xв художественной литературе _92268026 _3RU\NLR\auth\661359505 |
|
| 610 | 0 | _aРимская империя, 1 в. (х. л.) | |
| 610 | 0 | _aИудея, 1 в. (х. л.) | |
| 610 | 0 | _aИсторические романы и рассказы (х. л.) | |
| 610 | 0 | _aПсихоанализ | |
| 675 |
_a821.161.1-31Меняйлов _v3 _zrus |
||
| 675 |
_a159.964.222 _v3 _zrus |
||
| 686 |
_a17.82 _2rugasnti |
||
| 686 |
_a84(2Рос-Рус)6-44 _2rubbk |
||
| 686 | _aШ6(2=Р)75-442 | ||
| 700 | 1 |
_aМеняйлов _bА. А. _gАлексей Александрович _4070 |
|
| 801 | 0 |
_aRU _bRKP _c20021104 _gPSBO |
|
| 801 | 1 |
_aRU _bRKP _c20021104 |
|
| 801 | 2 |
_aRU _bNLR _c20091029 _grcr |
|
| 942 | _cBOOK | ||
| 980 | _aNB | ||